000 00329nam a2200109Ia 4500
008 191206s9999 xx 000 0 und d
090 _aPR6029.A2K6
245 0 _aAnimal farm
260 _cc1999
300 _a"1 videoreel of 1 : sd., col. ; 1 in. master."
999 _c15468
_d15468